General Knowledge Quiz - Statistics

General Stats
  • This quiz has been taken 43 times
  • The average score is 8 of 15
Answer Stats
Hint Answer % Correct
These three numbers are commonly used to dial the police in the US and also denote the infamous attack by a militant Islamist group 911
94%
Which islands did Darwin famously visit to study finches? Galapagos
83%
Which country is Transylvania located in? Romania
83%
Which 2020 Oscar-Winning Korean movie famously depicted class struggle? Parasite
71%
Which social movement are Gloria Steinem, Andrea Dworkin and Susan B Anthony associated with? Feminism
63%
Thomas Edison is said to have stolen inventions from whom? Tesla
63%
Which city is home to Sigmund Freud, Johann Strauss and the Sachertorte? Vienna
63%
Who was the leader of the Bolsheviks? Lenin
57%
Which medical TV show is partially adapted from Sherlock Holmes? House
51%
Which famous American scientist called Earth a "Pale Blue Dot"? Carl Sagan
46%
Alongside Walt Whitman, which female poet is known as the Greatest American Poet of the 19th century? Emily Dickinson
46%
Which animal has supposedly evolved 5 different times? Crab
31%
Which book popularised the genre of Dark Academia? The Secret History
20%
Who is the only female Emperor of the Austro-Hungarian/Holy Roman Empire? Maria Theresa
17%
Which branch of philosophy are Russel and Wittgenstein associated with? Analytical
11%
No matching quizzes found
Score Distribution
Percent of People with Each Score
Percentile by Number Answered
Your Score History
You have not taken this quiz